000 00590nam a2200217Ia 4500
005 20250320070632.0
008 240331s9999 xx 000 0 und d
020 _a0803986319
082 _bCUL
_22550
_a302.23
245 0 _aCulture and Power:
_bA Media, Culture and Society Reader
260 _aLondon;
_aCalifornia;
_aNew Delhi
_bSAGE Publications
_c1992
300 _aix, 257 p., (C II)
650 _aMedia
650 _aCulture
650 _aPolitics
650 _aFeminism
700 _aScannell, P
_eedt
700 _aSchlesinger, P
_eedt
700 _aSparks, C
_eedt
942 _cL
999 _c1464
_d1464